|
|
|
|
| LEADER |
00000nab a2200000 a 4500 |
| 001 |
vtls000474976 |
| 003 |
SK-MaSNL |
| 005 |
20260318140914.0 |
| 008 |
230223c1992 xo 0 slo |
| 015 |
|
|
|a SNBRB19rr/mm-uuuuu
|
| 035 |
|
|
|a CL0475110
|
| 035 |
|
|
|a urn:nbn:sk:snk-ab7jib
|
| 035 |
|
|
|a (urnnbn)urn:nbn:sk:snk:ar-005yjb
|
| 035 |
|
|
|a (uuid)f6527ae7-3fee-4ab5-84ab-8b90ed77afaa
|
| 040 |
|
|
|a SNKBUCL
|b slo
|c SNKBUCL
|e AACR2
|
| 041 |
0 |
|
|a slo
|
| 044 |
|
|
|a xo
|c SK
|
| 080 |
|
|
|a 371.48
|2 1981
|
| 100 |
1 |
|
|a Krankus, Milan,
|d 1950-
|4 aut
|9 193817
|
| 245 |
1 |
0 |
|a Böhm W.: Maria Montessori. Hintergrund und Prinzipien ihres pädagogischen Denkens
|c Milan Krankus
|
| 650 |
0 |
7 |
|a výchova a vzdelávanie
|2 snkbucl
|9 1684
|
| 655 |
|
7 |
|a články z novín a časopisov
|2 snkbucl
|9 267496
|
| 700 |
1 |
|
|a Böhm, W.
|4 aut
|9 1182203
|
| 700 |
1 |
|
|a Montessori, Maria,
|d 1870-1952
|4 aut
|9 185286
|
| 773 |
0 |
|
|t Pedagogická revue
|g Roč. 44, č. 6 (1992), s. 479-480
|
| 787 |
0 |
8 |
|i Rec.:
|a Böhm, W.
|t Maria Montessori. Hintergrund und Prinzipien ihres pädagogischen Denkens : Bad Heilbrunn OBB, Verlag Julius Klinkhardt, 1991
|
| 850 |
|
|
|a Slovenská národná knižnica v Martine
|a MTA001
|
| 852 |
|
|
|a SNK
|b KIS3GCP
|
| 954 |
|
|
|a odborná, vedecká literatúra pôvodná (slovenská)
|2 lita
|
| 958 |
|
|
|a RK
|
| 958 |
|
|
|a OND
|
| 958 |
|
|
|a EUIPO
|
| 958 |
|
|
|a article7
|
| 992 |
|
|
|a RBX
|
| 999 |
|
|
|c 2047331
|d 2049261
|